| 000 | 00694nam a2200217Ia 4500 | ||
|---|---|---|---|
| 003 | IN-BaIIA | ||
| 008 | 211028s9999 xx 000 0 eng d | ||
| 040 | _cIIA Library | ||
| 080 |
_a535.338 _bHER |
||
| 100 |
_aHerzberg, Gerhard _91824 |
||
| 245 | 0 |
_aAtomic spectra and atomic structure _cGerhard Herzberg; translated by J. W. T. Spinks |
|
| 250 | _a2nd ed | ||
| 260 |
_aNew York _bDover Publications _c1944 |
||
| 300 | _axii, 257p. | ||
| 650 | _aAstronomy and Astrophysics Thesaurus | ||
| 650 |
_aAtomic Spectra _91533 |
||
| 650 |
_aAtomic Structure _91534 |
||
| 650 |
_aSpectroscopy _91535 |
||
| 700 |
_aSpinks, J. W. T., tr. _91825 |
||
| 942 | _cBK | ||
| 999 |
_c855 _d855 |
||